| Tag |
First Indicator |
Second Indicator |
Subfields |
| LEADER |
00000cam a2200000 i 4500 |
| 001 |
in00005503413 |
| 008 |
240127s2023 sz a 001 0 ger d |
| 005 |
20250318214731.1 |
| 020 |
|
|
|a 9783775756396
|
| 020 |
|
|
|a 3775756396
|
| 024 |
3 |
|
|a 9783775756396
|
| 035 |
|
|
|a (OCoLC)on1419159109
|
| 035 |
|
|
|a (OCoLC)1419159109
|
| 040 |
|
|
|a OHX
|b eng
|e rda
|c OHX
|d OCLCQ
|d JPG
|d OCLCO
|
| 041 |
|
|
|a ger
|a eng
|
| 050 |
|
4 |
|a ND50
|b .F45 2023
|
| 072 |
|
7 |
|a ND
|2 lcco
|
| 100 |
1 |
|
|a Feilchenfeldt, Walter,
|e author.
|
| 245 |
1 |
0 |
|a "Denk nicht, sondern schau!" :
|b eine Ansicht der Malerei über sieben Jahrhunderte = "Don't think, but look!" : a view of painting over seven centuries /
|c Walter Feilchenfeldt ; herausgegeben von Jens Neubert und Jens Toivakainen.
|
| 246 |
3 |
1 |
|a "Don't think, but look!" :
|b a view of painting over seven centuries
|
| 264 |
|
1 |
|a Zurich :
|b Syquali Crossmedia AG ;
|a Berlin :
|b Hatje Cantz,
|c 2023.
|
| 300 |
|
|
|a 327 pages :
|b color illustrations ;
|c 24 x 31 cm
|
| 336 |
|
|
|a text
|b txt
|2 rdacontent
|
| 336 |
|
|
|a still image
|b sti
|2 rdacontent
|
| 337 |
|
|
|a unmediated
|b n
|2 rdamedia
|
| 338 |
|
|
|a volume
|b nc
|2 rdacarrier
|
| 500 |
|
|
|a Chiefly illustrated.
|
| 500 |
|
|
|a Includes index.
|
| 546 |
|
|
|a Parallel texts in German and English.
|
| 650 |
|
0 |
|a Painting
|x History.
|
| 650 |
|
6 |
|a Peinture
|x Histoire.
|0 (CaQQLa)201-0107427
|
| 700 |
1 |
|
|a Neubert, Jens,
|d 1967-
|e editor.
|
| 700 |
1 |
|
|a Toivakainen, Jens,
|e editor.
|
| 852 |
8 |
|
|b pda,print
|z This title is available for the library to purchase for your use. Click the "Purchase It For Me" button to place a request. This item may take 5-10 business days to arrive.
|
| 955 |
|
|
|a Print PDA title
|
| 961 |
|
|
|m 565730
|
| 999 |
f |
f |
|s 4c596966-cbb4-4299-b933-8065cdf19bd2
|i 4ec574af-8f00-4e7e-b76f-3752ceb0c8a1
|t 0
|
| 952 |
f |
f |
|a Texas A&M University
|b College Station
|c Sterling C. Evans Library
|d Purchase on Demand
|t 0
|e ND50 .F45 2023
|h Library of Congress classification
|
| 998 |
f |
f |
|a ND50 .F45 2023
|t 0
|l Purchase on Demand
|